000 00500nam a2200205Ia 4500
005 20240823015831.0
008 240823s9999||||xx |||||||||||||| ||und||
020 _a0-07-058339-0
041 _aENGLISH
082 _A658 P4
100 _a"Koontz,Harold"
245 0 _aEssentials of Management
250 _a6th
260 _c2004
_b"Tata McGraw-Hill,New Delhi"
500 _aYES
650 _aManagement
_bManagement Studies
700 _a" Weihrich,Heinz"
942 _cBK
999 _c173349
_d173349